| 000 | 00694nam a2200229 a 4500 | ||
|---|---|---|---|
| 005 | 20250412063808.0 | ||
| 008 | 150225s1999 mx r 000 0 spa d | ||
| 020 | _a8401012775 | ||
| 035 | _aUPN01000202105 | ||
| 050 | 4 |
_aHQ755.85 _bA9.2 |
|
| 100 | 1 |
_aAyache, Alain, _d1936-2008 _936705 |
|
| 245 | 1 | 0 |
_aCartas a mi hija / _cAlain Ayache ; tr. Ana Rey. |
| 260 |
_aBarcelona, Esp. : _bPlaza & Janés, _c1999. |
||
| 300 | _a309 p. | ||
| 534 |
_pTítulo original: _tLettres a prunelle |
||
| 650 | 4 |
_aMADRES E HIJAS _95648 |
|
| 650 | 2 |
_aRelación madre-hijo _921217 |
|
| 650 | 4 |
_aConducta de vida _94416 |
|
| 650 | 4 |
_aComunicación en la familia _91361 |
|
| 905 | _aLibro | ||
| 999 |
_c174206 _d174206 |
||